000 00581nam a2200181Ia 4500
003 GCL
008 140319s9999 xx 000 0 ara d
040 _aGCL /
_cGCL
082 0 4 _a591.1
_bا س
100 1 _aاحمد حماد الحسينى
245 1 0 _aسلوك الحيوان /
_cاحمد حماد الحسينى
260 _aالقاهرة :
_bدار القلم ،
_c1963
300 _a150 ص ؛
_c17 سم
650 0 4 _aالحيوان
650 0 4 _aالسلوك الاجتماعى عند الحيوانات
650 0 4 _aالسلوك الحيوانى
942 _2ddc
_cBK
999 _c40152
_d40152